Statistiques concernant Le clan Uzumaki

Cliquez ici pour prendre le quiz!

Statistiques générales

  • Ce quiz a été pris 49 fois
  • Le résultat moyen est 5 sur 11

Statistiques - réponses

Réponse% Correct
Naruto
100%
Kushina
84%
Boruto
74%
Karin
60%
Himawari
53%
Hinata
49%
Nagato
49%
Mito
37%
Ashina
14%
Fusô
14%
Menma
7%

Distribution des résultats

Percentile par nombre de réponses

% des personnes avec chaque résultat

Votre développement - résultats

Vous n’avez pas pris ce quiz